000 00656nam a2200229Ia 4500
003 OSt
005 20220923211952.0
006 a|||||r|||| 00| 0
007 ta
008 220922b |||||||| |||| 00| 0 hin d
024 _a76,095
037 _cTextual
040 _aARTS
_cARTS
_bhin
041 _2hin
_ahin
082 _aR693,1, 152K6
100 _aसूरी, यशोविजय
245 0 _aजैनन्यायखण्डखाद्यम्
246 _aJainanyāyakhaṇḍakhādyam
260 _c1966
942 _hR693,1, 152K6
_cTEXL
_2CC
999 _c305043
_d305043